All NFL Players With a Receiving Touchdown - 2024 - Statistics

General Stats
  • This quiz has been taken 39 times
  • The average score is 136 of 257
Answer Stats
Team Position Player TD1 YDS % Correct
Eagles WR Ainias Smith 1 41
97%
Eagles WR A.J. Brown 7 1079
97%
Lions WR Amon-Ra St. Brown 12 1263
97%
Bengals RB Chase Brown 4 360
97%
Eagles WR DeVonta Smith 8 833
97%
Commanders WR Dyami Brown 1 308
97%
Bengals WR Ja'Marr Chase 17 1708
97%
Dolphins TE Jonnu Smith 8 884
97%
Chiefs WR JuJu Smith-Schuster 2 231
97%
Vikings WR Justin Jefferson 10 1533
97%
Buccaneers WR Mike Evans 11 1004
97%
Commanders WR Noah Brown 1 453
97%
Bengals WR Tee Higgins 10 911
97%
Commanders WR Terry McLaurin 13 1096
97%
Jaguars WR Brian Thomas 10 1282
93%
Buccaneers WR Chris Godwin 5 576
93%
Raiders/Jets WR Davante Adams 8 1063
93%
Cardinals TE Elijah Higgins 2 172
93%
Ravens WR Mark Andrews 11 673
93%
Steelers WR Van Jefferson 2 276
93%
Ravens WR Zay Flowers 4 1059
93%
Jets RB Braelon Allen 1 148
90%
Panthers/Ravens/Texans WR Diontae Johnson 3 375
90%
Falcons WR Drake London 9 1271
90%
49ers TE George Kittle 8 1106
90%
Lions WR Jameson Williams 7 1001
90%
Bills QB Josh Allen 1 7
90%
Ravens RB Justice Hill 3 383
90%
Saints TE Juwan Johnson 3 548
90%
Bears WR Keenan Allen 7 744
90%
Rams RB Kyren Williams 2 182
90%
Cardinals WR Marvin Harrison Jr. 8 885
90%
Jets/Steelers WR Mike Williams 1 298
90%
Rams WR Puka Nacua 3 990
90%
Texans WR Stefon Diggs 3 496
90%
Giants TE Theo Johnson 1 331
90%
Bills RB Ty Johnson 3 284
90%
Rams WR Tyler Johnson 1 291
90%
Dolphins WR Tyreek Hill 6 959
90%
Cowboys WR CeeDee Lamb 6 1194
86%
Seahawks WR D.K. Metcalf 5 992
86%
Vikings WR Jordan Addison 9 875
86%
Giants WR Malik Nabers 7 1204
86%
Ravens WR Rashod Bateman 9 756
86%
Broncos WR Courtland Sutton 8 1081
83%
Titans/Chiefs WR DeAndre Hopkins 5 610
83%
Dolphins RB De'Von Achane 6 592
83%
Texans WR Tank Dell 3 667
83%
Commanders TE Zach Ertz 7 654
83%
Saints WR Cedrick Wilson Jr. 1 211
79%
Bears WR D.J. Moore 6 966
79%
Packers RB Emanuel Wilson 1 48
79%
Jets WR Garrett Wilson 7 1104
79%
Patriots TE Hunter Henry 2 674
79%
Seahwaks WR Jaxon Smith-Njigba 6 1130
79%
Dolphins WR Jaylen Waddle 2 744
79%
Eagles WR Johnny Wilson 1 38
79%
Colts WR Michael Pittman Jr. 3 808
79%
Cardinals WR Michael Wilson 4 548
79%
Texans WR Nico Collins 7 1006
79%
Buccaneers RB Rachaad White 6 393
79%
Lions TE Sam LaPorta 7 726
79%
Packers TE Tucker Kraft 7 707
79%
Browns/Bills WR Amari Cooper 4 547
76%
Falcons RB Bijan Robinson 1 431
76%
Raiders TE Brock Bowers 5 1194
76%
Packers WR Christian Watson 2 620
76%
Rams WR Cooper Kupp 6 710
76%
Panthers WR David Moore 3 351
76%
Rams WR Demarcus Robinson 7 505
76%
Ravens RB Derrick Henry 2 193
76%
Browns WR Elijah Moore 1 538
76%
Steelers WR George Pickens 3 900
76%
Ravens TE Isaiah Likely 6 477
76%
Bills RB James Cook 2 258
76%
Chiefs WR Justin Watson 2 289
76%
Chargers WR Ladd McConkey 7 1149
76%
Chargers WR Quentin Johnston 8 711
76%
Chiefs TE Travis Kelce 3 823
76%
Giants WR Wan'Dale Robinson 3 699
76%
Chiefs WR Xavier Worthy 6 638
76%
Vikings RB Aaron Jones 2 408
72%
Titans WR Calvin Ridley 4 1017
72%
Browns TE David Njoku 5 505
72%
Raiders WR Jakobi Meyers 4 1027
72%
Falcons TE Kyle Pitts 4 602
72%
Eagles RB Saquon Barkley 2 278
72%
Panthers WR Xavier Legette 4 497
72%
Panthers WR Adam Thielen 5 615
69%
Colts WR Alec Pierce 7 824
69%
Browns WR Jerry Jeudy 4 1229
69%
Bills WR Keon Coleman 4 556
69%
Bills WR Khalil Shakir 4 821
69%
Seahawks TE Noah Fant 1 500
69%
Steelers TE Pat Freiermuth 7 653
69%
Buccaneers TE Cade Otton 4 600
66%
Bills TE Dalton Kincaid 2 448
66%
Lions QB Jared Goff 1 7
66%
Broncos WR Marvin Mims 6 503
66%
Packers WR Romeo Doubs 4 601
66%
Seahawks WR Tyler Lockett 2 600
66%
Bears TE Cole Kmet 4 474
62%
Bills WR Curtis Samuel 1 253
62%
Eagles TE Dallas Goedert 2 496
62%
49ers WR Deebo Samuel 3 670
62%
Chargers WR Derius Davis 2 112
62%
Jaguars TE Evan Engram 1 365
62%
Jaguars WR Gabriel Davis 2 239
62%
Jets RB Isaiah Davis 1 75
62%
Lions RB Jahmyr Gibbs 4 517
62%
49ers WR Jauan Jennings 6 975
62%
Packers WR Jayden Reed 6 857
62%
Chiefs WR Rashee Rice 2 288
62%
Bills RB Ray Davis 3 189
62%
Jets TE Tyler Conklin 4 449
62%
Jets RB Breece Hall 3 483
59%
Falcons WR Darnell Mooney 5 992
59%
Bengals TE Mike Gesicki 2 665
59%
Chiefs TE Noah Gray 5 437
59%
Cowboys RB Rico Dowdle 3 249
59%
Jets WR Allen Lazard 6 530
55%
Cowboys WR Brandin Cooks 3 259
55%
Texans TE Dalton Schultz 2 532
55%
Bills TE Dawson Knox 1 311
55%
Patriots WR Demario Douglas 3 621
55%
Buccaneers WR Jalen McMillan 8 461
55%
Colts WR Josh Downs 5 803
55%
Packers RB Josh Jacobs 1 342
55%
Saints WR Rashid Shaheed 3 349
55%
Bears WR Rome Odunze 3 734
55%
Buccaneers RB Sean Tucker 1 109
55%
Raiders WR Tre Tucker 3 539
55%
Cardinals TE Trey McBride 2 1146
55%
Rams TE Tyler Higbee 2 66
55%
Chargers TE Will Dissly 2 481
55%
Saints RB Alvin Kamara 2 543
52%
Titans TE Chigoziem Okonkwo 2 479
52%
Saints WR Chris Olave 1 400
52%
Jaguars WR Christian Kirk 1 379
52%
Giants WR Darius Slayton 2 573
52%
49ers FB Kyle Juszczyk 2 200
52%
Broncos QB Bo Nix 1 2
48%
Steelers WR Calvin Austin III 4 548
48%
Panthers RB Chuba Hubbard 1 171
48%
Steelers TE Darnell Washington 1 200
48%
Ravens WR Devontez Walker 1 21
48%
Packers WR Dontayvion Wicks 5 415
48%
Colts WR Jonathan Taylor 1 136
48%
Seahawks RB Kenneth Walker III 1 299
48%
Bills/Saints WR Marquez Valdes-Scantling 4 411
48%
Jaguars WR Parker Washington 3 390
48%
Bengals DE Sam Hubbard 1 2
48%
Raiders RB Alexander Mattison 1 294
45%
Panthers WR Ja'Tavion Sanders 1 342
45%
Texans RB Joe Mixon 1 309
45%
Chargers WR Josh Palmer 1 584
45%
Patriots WR Kendrick Bourne 1 305
45%
Panthers RB Miles Sanders 1 148
45%
Titans WR Nick Westbrook-Ikhine 9 497
45%
Patriots RB Rhamondre Stevenson 1 168
45%
49ers WR Ricky Pearsall 3 400
45%
Panthers TE Tommy Tremble 2 234
45%
Buccaneers WR Trey Palmer 1 172
45%
Giants RB Tyrone Tracy Jr. 1 284
45%
Seahawks RB Zach Charbonnet 1 340
45%
Patriots TE Austin Hooper 3 476
41%
Cowboys WR Jalen Tolbert 7 610
41%
Bills WR Mack Hollins 5 378
41%
Tigers WR Tim Patrick 3 394
41%
Browns WR Cedric Tillman 3 339
38%
Cardinals RB James Conner 1 414
38%
Lions WR Kalif Raymond 2 215
38%
Cowboys WR KaVontae Turpin 2 420
38%
Patriots WR Kayshon Boutte 3 589
38%
Browns RB Nick Chubb 1 31
38%
Titans RB Tyjae Spears 1 224
38%
Saints TE Foster Moreau 5 413
34%
Cardinals WR Greg Dortch 3 342
34%
Vikings WR Jalen Nailor 6 414
34%
Falcons WR KhaDarel Hodge 1 131
34%
Patriots WR K.J. Osborn 1 57
34%
Falcons WR Ray-Ray McCloud 1 686
34%
Chiefs RB Samaje Perine 1 322
34%
Jaguars TE Brenton Strange 2 411
31%
Lions TE Brock Wright 2 100
31%
Broncos WR DeVaughn Vele 3 475
31%
Panthers WR Jalen Coker 2 478
31%
Broncos WR Lil'Jordan Humphrey 1 293
31%
Colts TE Mo Alie-Cox 1 147
31%
Ravens WR Nelson Agholor 2 231
31%
Buccaneers WR Sterling Shepard 1 334
31%
Broncos WR Troy Franklin 2 263
31%
Broncos TE Adam Trautman 2 188
28%
Raiders RB Ameer Abdullah 3 261
28%
Broncos WR Andrei Iosivas 6 479
28%
Texans/Vikings RB Cam Akers 3 68
28%
Lions T Dan Skipper 1 9
28%
Packers WR Ja'Lynn Polk 2 87
28%
Broncos/Jaguars WR Josh Reynolds 1 194
28%
Ravens FB Patrick Ricard 1 22
28%
Buccaneers WR Ryan Miller 2 128
28%
Bengals RB Zack Moss 1 187
28%
Rams TE Colby Parkinson 1 294
24%
Seahawks WR Jake Bobo 1 107
24%
Cowboys TE Luke Schoonmaker 1 241
24%
Commanders WR Olamide Zaccheaus 3 506
24%
Seahawks TE AJ Barner 4 245
21%
Chargers WR DJ Chark 1 31
21%
Broncos RB Jaleel McLaughlin 2 76
21%
Cowboys WR Jalen Brooks 1 177
21%
Commanders WR Jamison Crowder 2 72
21%
Packers WR Malik Heath 2 97
21%
Jets WR Xavier Gipson 1 39
21%
Raiders WR DJ Turner 1 158
17%
Bengals TE Drew Sample 1 109
17%
Eagles TE Grant Calcaterra 1 298
17%
Browns TE Jordan Akins 2 390
17%
Eagles WR Parris Campbell 1 30
17%
Commanders T Trenton Scott 1 1
17%
Commanders TE Ben Sinnott 1 28
14%
Steelers TE Connor Heyward 1 40
14%
Vikings TE Johnny Mundt 2 142
14%
Broncos FB Michael Burton 1 65
14%
Steelers TE My Cole Pruitt 1 40
14%
Titans TE Nick Vannett 3 135
14%
Vikings WR Trent Sherfield 1 83
14%
Ravens WR Tylan Wallace 1 193
14%
Colts WR Ashton Dulin 1 67
10%
Eagles TE E.J. Jenkins 1 7
10%
Patriots RB Jamycal Hasty 1 59
10%
Vikings TE Josh Oliver 3 258
10%
Chargers RB Kimani Vidal 1 62
10%
Bengals TE Tanner Hudson 1 154
10%
Colts RB Tyler Goodson 1 61
10%
Patriots T Vederian Lowe 1 4
10%
Colts TE Andrew Ogletree 1 109
7%
Browns TE Blake Whiteheart 1 51
7%
Saints WR Bub Means 1 118
7%
Texans TE Cade Stover 1 133
7%
Ravens TE Charlie Kolar 1 131
7%
Giants TE Chris Manhertz 1 30
7%
Falcons RB Cordarrelle Patterson 1 80
7%
Texans RB Dare Ogunbowale 1 198
7%
Cardinals RB DeeJay Dallas 1 11
7%
49ers TE Eric Saubert 1 97
7%
Chargers RB Hassan Haskins 1 49
7%
Titans TE Josh Whyle 1 248
7%
Broncos TE Nate Adkins 3 115
7%
Commanders TE Payn Durham 2 115
7%
Titans WR Tay Martin 1 49
7%
Saints WR Dante Pettis 1 120
3%
Jets TE Kenny Yeboah 1 47
3%
Raiders WR Kristian Wilkerson 1 18
3%
Bills TE Quintin Morris 1 36
3%
Chiefs OL Wanya Morris 1 1
3%
Texans WR John Methie 1 254
0%
Bills WR Tyrell Shavers 1 69
0%
No matching quizzes found
Score Distribution
Percent of People with Each Score
Percentile by Number Answered
Your Score History
You have not taken this quiz